Catálogo Biblioteca Central

Política criminal y proceso político democrático : (Registro nro. 232474)

Detalles MARC
000 -CABECERA
campo de control de longitud fija 01870naa a22002057a 4500
001 - NÚMERO DE CONTROL
campo de control 232474
003 - IDENTIFICADOR DEL NÚMERO DE CONTROL
campo de control ES-MaBCM
005 - FECHA Y HORA DE LA ÚLTIMA TRANSACCIÓN
campo de control 20260224142043.0
008 - CÓDIGOS DE INFORMACIÓN DE LONGITUD FIJA
campo de control de longitud fija 260224s2025 sp ||||| |||| 00| 0 spa d
040 ## - FUENTE DE LA CATALOGACIÓN
Centro transcriptor ES-MaBCM
100 1# - PUNTO DE ACCESO PRINCIPAL - NOMBRE DE PERSONA
Nombre de persona Paredes Castañón, José Manuel
9 (RLIN) 35413
245 10 - MENCIÓN DE TÍTULO
Título Política criminal y proceso político democrático :
Resto del título los límites de la racionalidad y el papel de los expertos
Mención de responsabilidad etc. José Manuel Paredes Castañon
504 ## - NOTA DE BIBLIOGRAFÍA, ETC.
Nota de bibliografía etc. Bibliografía: p. 106-110
520 ## - SUMARIO, ETC.
Sumario etc. Aunque en la bibliografía reciente son abundantes los análisis críticos de los procesos legislativos en materia penal, sin embargo, lo más usual es que la perspectiva adoptada sea bien un punto de vista estrictamente empírico (proporcionando una narración de dichos procesos), o bien uno de índole normativa (valorando la adecuación de los mismos y haciendo propuestas para mejorarlos). En cambio, no es frecuente que en dichos análisis se presente una teoría del proceso legislativo en cuestiones político-criminales que atienda a las características específicas que el proceso político reviste en las democracias contemporáneas de masas y de opinión pública. Y que, por ello, permita comprender adecuadamente las dinámicas causales (sociológicas, psicosociales y políticas) que condicionan los resultados posibles del debate político-criminal real (no el de los teóricos, sino el de los actores políticos) en tales sistemas políticos, así como el papel de los expertos dentro del mismo. Proponer un modelo para dicha teoría es precisamente el objetivo de este trabajo.
650 #7 - PUNTO DE ACCESO ADICIONAL DE MATERIA--TÉRMINO DE MATERIA
Término de materia o nombre geográfico como elemento inicial Procedimiento legislativo
9 (RLIN) 59901
650 #7 - PUNTO DE ACCESO ADICIONAL DE MATERIA--TÉRMINO DE MATERIA
Término de materia o nombre geográfico como elemento inicial Derecho penal
9 (RLIN) 58346
650 #7 - PUNTO DE ACCESO ADICIONAL DE MATERIA--TÉRMINO DE MATERIA
Término de materia o nombre geográfico como elemento inicial Cambio de régimen político
9 (RLIN) 57801
773 0# - ENLACE AL DOCUMENTO FUENTE
Lugar editor y fecha de publicación Valencia
Parte(s) relacionada(s) N.38 (jun. 2025), p. [86]-111 - Loc S.516
Título Teoría y derecho: revista de pensamiento jurídico
Número de control del registro relacionado 154052
942 ## - ELEMENTOS DE PUNTO DE ACCESO ADICIONAL (KOHA)
Fuente del sistema de clasificación o colocación Universal Decimal Classification
Tipo de ítem Koha Artículos de revistas
Existencias
Estado de retiro Estado de pérdida Fuente del sistema de clasificación o colocación Estado dañado No para préstamo Localización permanente Ubicación/localización actual Ubicación en estantería Fecha de adquisición Total de préstamos Fecha visto por última vez Precio válido a partir de Tipo de ítem Koha
    Universal Decimal Classification     Biblioteca Central del Ministerio de la Presidencia Biblioteca Central del Ministerio de la Presidencia Sala 24/02/2026   24/02/2026 24/02/2026 Artículos de revistas